00716 a2200193 450000100060000002000150000604000220002110000310004324000300007424500250010430000080012936200090013765000230014694200070016995201130017695201080028995201080039799900170050556971 a8502062382 cAnchieta - Pituba aNicolelis, Giselda Laporta10aO sol é testemunhalpor10aO sol é testemunha a1170 a2007 4aLiteratura juvenil cBK 00104070a91.1b91.1d2023-11-21l0oLJ 028.5 N642s NIC SOLp6741/PITr2023-11-21 18:24:33w2023-11-21yBK 00102ddc4070a57.2b57.2d2024-05-24l0pnt932r2024-05-24 08:55:22w2024-05-24yBKzEstante Verdeu 00102ddc4070a57.2b57.2d2024-05-24l0pnt933r2024-05-24 08:55:49w2024-05-24yBKzEstante Verdeu c56971d56971